Western African Capitals - Statistics

General Stats
  • This quiz has been taken 4,185 times
  • The average score is 10 of 15
Answer Stats
Hint Answer % Correct
Guinea Bissau Bissau
88%
Sierra Leone Freetown
83%
Senegal Dakar
82%
Ghana Accra
78%
Nigeria Abuja
76%
Liberia Monrovia
68%
Togo Lome
65%
Niger Niamey
64%
Burkina Faso Ouagadougou
64%
Benin Porto Novo
61%
Mali Bamako
59%
Gambia Banjul
58%
Guinea Conakry
58%
Mauritania Nouakchott
57%
Cote D'Ivoire Yamoussoukro
49%
No matching quizzes found
Score Distribution
Percent of People with Each Score
Percentile by Number Answered
Your Score History
You have not taken this quiz